Drapeaux de pays du monde #7 - Statistiques

Statistiques générales
  • Ce quiz a été pris 160 fois
  • Le résultat moyen est 12 sur 18
Statistiques - réponses
Par images Réponse % Correct
Cuba
94%
Corée du Nord
91%
Panama
90%
Chili
89%
République Tchèque
86%
Taïwan
77%
Liberia
70%
Bahamas
68%
Erythrée
68%
Mozambique
67%
Zimbabwe
65%
Djibouti
60%
Samoa
59%
Guinée Equatoriale
57%
Guyana
50%
Timor Oriental
49%
Vanuatu
49%
Sao-Tome-et-Principe
48%
Aucun quiz correspondant
Distribution des résultats
% des personnes avec chaque résultat
Percentile par nombre de réponses
Votre historique - résultats
Vous n’avez pas pris ce quiz